د و ہا تھ (Record no. 165817)

MARC details
000 -LEADER
fixed length control field 00704nam a22002417a 4500
005 - DATE AND TIME OF LATEST TRANSACTION
control field 20190702172036.0
010 ## - LCCN (DPL NO)
LC control number A-854096
020 ## - INTERNATIONAL STANDARD BOOK NUMBER
International Standard Book Number -
Terms of availability 55.00
035 ## - SYSTEM CONTROL NUMBER
System control number A-854096
037 ## - SOURCE OF ACQUISITION
Source of stock number/acquisition BPPD/Ven.
Stock number dpl
082 ## - DEWEY DECIMAL CLASSIFICATION NUMBER
Classification number ک
100 ## - MAIN ENTRY--PERSONAL NAME
Personal name عصمت چغتا ئ
245 ## - TITLE STATEMENT
Title د و ہا تھ
Statement of responsibility, etc عصمت چغتا ئ
Medium Urdu
246 ## - VARYING FORM OF TITLE
Title proper/short title Do Haat (Urdu)
Remainder of title byAsmath Chughtaiy
250 ## - EDITION STATEMENT
Edition statement 1998
260 ## - PUBLICATION, DISTRIBUTION, ETC. (IMPRINT)
Place of publication, distribution, etc Lahore
Name of publisher, distributor, etc Maktaba Urdu Adab
270 ## - ADDRESS
Address Bazar Sathan Indroon Lohari Gate Lahore
300 ## - PHYSICAL DESCRIPTION
Extent 144ص
Dimensions 22cm(Hbk)
490 ## - SERIES STATEMENT
Series statement Jaico illustrated classics series
942 ## - ADDED ENTRY ELEMENTS (KOHA)
Source of classification or shelving scheme Dewey Decimal Classification
Item type Urdu Bks
Call number suffix چ غ ت
Classification part ک
Holdings
Withdrawn status Lost status Not for loan Collection code Home library Current library Date acquired Source of acquisition Cost, normal purchase price Full call number Barcode Copy number Cost, replacement price Koha item type
    Ordered Fiction Central Library Central Library 02/07/2019 BPPD/Ven. 55.00 ک چ غ ت A-854096 1 55.00 Urdu Bks

© Delhi Public Library
Hit Counter
free hit counter